000 00766nam a22002177a 4500
999 _c63762
_d63762
005 20240530110657.0
008 171223s2015 ua ao g 000 0 ara d
017 _a2015/17929
_bمصر. دار الكتب
020 _a9789771453093
040 _aEG-CaGPL
_cEG-CaGPL
082 0 4 _221
_a962.08
_bق/م س
100 0 _aمصطفى الفقى
245 1 0 _aمصر التى نريد /
_bمعتز بالله عبدالفتاح .
250 _aط.1
260 _aالقاهرة :
_bدار نهضة مصر للنشر ،
_c2015 .
300 _a415 ص. :
_bصور ؛
_c24 سم.
650 0 7 _2qrmak
_aالاحزاب السياسية
651 0 7 _2qrmak
_aمصر
_xالاحوال السياسية
942 _2ddc
_cBK